[Event "Ho Chi Minh City zt 3.2a"]
[Site "Ho Chi Minh City"]
[Date "2003.06.23"]
[Round "4"]
[White "Torre, Eugenio"]
[Black "Sitanggang, Salor"]
[Result "1/2-1/2"]
[WhiteElo "2520"]
[BlackElo "2397"]
[PlyCount "59"]
[EventDate "2003.06.21"]
[EventType "swiss"]
[EventRounds "9"]
[EventCountry "VIE"]
[SourceTitle "CBM 094 Extra"]
[Source "ChessBase"]
[SourceDate "2003.07.09"]
[SourceVersion "2"]
[SourceVersionDate "2003.07.09"]
[SourceQuality "1"]

1. d4 d5 2. Nf3 Nf6 3. c4 c6 4. Nc3 dxc4 5. a4 Bf5 6. e3 e6 7. Bxc4 Nbd7 8. 0-0 Bb4 9. Qe2 Bg6 10. e4 0-0 11. Bd3 Re8 12. Bf4 a6 13. Rfd1 Bf8 14. h3 Rc8 15. g4 Qb6 16. a5 Qa7 17. e5 Nd5 18. Nxd5 cxd5 19. h4 Qb8 20. h5 Bxd3 21. Qxd3 Be7 22. Rdc1 Rxc1+ 23. Rxc1 Rc8 24. Rc3 Bd8 25. b4 Rxc3 26. Qxc3 Qc7 27. Qb3 Qc6 28. Kg2 Bc7 29. h6 g6 30. Bd2 1/2-1/2

[Event "ASEAN op 1st"]
[Site "Bandar Seri Begawan"]
[Date "2001.??.??"]
[Round "8"]
[White "Nay, Oo Kyaw Tun"]
[Black "Sitanggang, Salor"]
[Result "0-1"]
[WhiteElo "2515"]
[BlackElo "2387"]
[PlyCount "74"]
[EventDate "2001.07.29"]
[EventType "swiss"]
[EventRounds "9"]
[EventCountry "BRN"]
[SourceTitle "EXT 2002"]
[Source "ChessBase"]
[SourceDate "2001.11.25"]
[SourceVersion "1"]
[SourceVersionDate "2001.11.25"]
[SourceQuality "1"]

1. e4 c5 2. c3 Nf6 3. e5 Nd5 4. d4 cxd4 5. Nf3 d6 6. cxd4 Nc6 7. Bc4 dxe5 8. Nxe5 e6 9. 0-0 Be7 10. Bb5 Bd7 11. Bxc6 Bxc6 12. Nxc6 bxc6 13. Nd2 0-0 14. Nf3 Qb6 15. b3 a5 16. Qc2 Rfc8 17. Bb2 Qb5 18. Ne5 Rc7 19. Qc4 a4 20. Rac1 a3 21. Bc3 Qb7 22. Bd2 c5 23. dxc5 Bxc5 24. Qe2 Rac8 25. Nc4 Bf8 26. g3 h6 27. Qf3 Qa7 28. Rfd1 Be7 29. Be3 Qa6 30. Bd4 Nb4 31. Qe2 Bg5 32. Be3 Be7 33. Bf4 Ra7 34. Be3 Rb7 35. Bd2 Nxa2 36. Ra1 Rxb3 37. Rxa2 Qxc4 0-1

[Event "ASEAN op 1st"]
[Site "Bandar Seri Begawan"]
[Date "2001.??.??"]
[Round "2"]
[White "Sitanggang, Salor"]
[Black "Foudzi, Sitii Zulaikha"]
[Result "1-0"]
[WhiteElo "2387"]
[BlackElo "2040"]
[PlyCount "83"]
[EventDate "2001.07.29"]
[EventType "swiss"]
[EventRounds "9"]
[EventCountry "BRN"]
[SourceTitle "EXT 2002"]
[Source "ChessBase"]
[SourceDate "2001.11.25"]
[SourceVersion "1"]
[SourceVersionDate "2001.11.25"]
[SourceQuality "1"]

1. c4 Nf6 2. g3 g6 3. Bg2 Bg7 4. Nc3 0-0 5. e3 d6 6. Nge2 Nbd7 7. 0-0 c6 8. d3 Qc7 9. Rb1 Rb8 10. b4 b6 11. Bb2 Bb7 12. e4 e5 13. b5 c5 14. Qc2 Rfe8 15. Bc1 Nf8 16. f4 N6d7 17. f5 f6 18. h4 Qd8 19. Qd2 Re7 20. Qe3 Bh8 21. Nd5 Bxd5 22. exd5 Rg7 23. Nc3 g5 24. Ne4 h6 25. hxg5 hxg5 26. Nxd6 Rh7 27. Ne4 Bg7 28. Qe2 Qe8 29. Be3 Rh6 30. a4 Nh7 31. g4 Bf8 32. Ra1 Be7 33. Kf2 Rh2 34. Rh1 Rxg2+ 35. Kxg2 Rb7 36. d6 Bf8 37. Qf3 Qc8 38. a5 Nb8 39. axb6 axb6 40. Rxh7 Kxh7 41. Nxf6+ Kg7 42. Ne4 1-0